| 000 | 01241nam a2200253Ia 4500 | ||
|---|---|---|---|
| 999 |
_c5023 _d5023 |
||
| 003 | OSt | ||
| 005 | 20200430113901.0 | ||
| 008 | 191128s1998 ck gr 000 0 spa d | ||
| 020 | _a9586017893 | ||
| 040 |
_aCO-JMCR _cCO-JMCR |
||
| 041 | 0 | _aspa | |
| 082 |
_a305.42 / _bD266g |
||
| 110 | 1 |
_aDepartamento Nacional de Planeación _91612 |
|
| 245 | 1 | 0 |
_aGénero, equidad y desarrollo/ _cDepartamento Nacional de Planeación |
| 250 | _aPrimera edición | ||
| 260 |
_aBogotá : _bTercer mundo, _c1998 |
||
| 300 |
_axii, 370 páginas : _bIncluye gráficas ; _c23cm. |
||
| 505 | _aMujeres en sus casas: poblacion económicamente activa -- Trabajo doméstico no remunerado -- Mujeres en el mercado laboral / Martha Luz Henao, Auro Yaneth Parra -- La mujer en la industria manofacturera --Calidad de vida de las mujeres y gastos sociales | ||
| 520 | _aEste libro es resultadodel interés y propósito del Departamento Nacional de Planeación DNP Para avanzar en logro de la equidad entre mujeres y hombres, entienda ésta como un componente básico de la equidad social. | ||
| 650 | 1 | 4 |
_aMujeres trabajadoras _93766 |
| 650 | 2 | 4 |
_aParticipación de la mujer _93767 |
| 650 | 2 | 4 |
_aMujeresDesarrollo _xeconómico y social _93768 |
| 942 |
_2ddc _cBK |
||